| 000 -LEADER |
| fixed length control field |
00256nam a22001097a 4500 |
| 008 - FIXED-LENGTH DATA ELEMENTS--GENERAL INFORMATION |
| fixed length control field |
200403b ||||| |||| 00| 0 eng d |
| 100 1# - MAIN ENTRY--PERSONAL NAME |
| Personal name |
Kemp, J . F. |
| 245 10 - TITLE STATEMENT |
| Title |
Cargo work |
| 260 ## - PUBLICATION, DISTRIBUTION, ETC. (IMPRINT) |
| Place of publication, distribution, etc |
Butterworths |
| Name of publisher, distributor, etc |
Butterworths |
| Date of publication, distribution, etc |
1996 |
| 300 ## - PHYSICAL DESCRIPTION |
| Extent |
124p. |
| 942 ## - ADDED ENTRY ELEMENTS (KOHA) |
| Item type |
Books |